书目信息 |
| 题名: |
习近平谈治国理政
|
|
| 作者: | 习近平 著 ;德文翻译组 译 | |
| 分册: | 第四卷 | |
| 出版信息: | 北京 外文出版社有限责任公司 2023 |
|
| 页数: | 679页 | |
| 开本: | 24cm | |
| 丛书名: | ||
| 单 册: | ||
| 中图分类: | D2-0 , D610.4 | |
| 科图分类: | ||
| 主题词: | 习近平新时代中国特色社会主义思想--Xi Jin Ping Xin Shi Dai Zhong Guo Te Se She Hui Zhu Yi Si Xiang--学习参考资料--德文 | |
| 电子资源: | ||
| ISBN: | 978-7-119-13556-4 | |
| 000 | 01177nam0 2200301 450 | |
| 001 | 012024000061 | |
| 005 | 20241028140842.76 | |
| 010 | @a978-7-119-13556-4@dCNY80.00 | |
| 100 | @a20241025d2023 em y0chiy50 ea | |
| 101 | 1 | @ager@cchi@gchi |
| 102 | @aCN@b110000 | |
| 105 | @aa z 001yy | |
| 106 | @ar | |
| 200 | 1 | @a习近平谈治国理政@AXi Jin Ping Tan Zhi Guo Li Zheng@e德文@h第四卷@d= Xi Jinping: China regieren@hⅣ@f习近平著@zger |
| 210 | @a北京@c外文出版社有限责任公司@d2023 | |
| 215 | @a679页@c彩照@d24cm | |
| 304 | @a200字段信息取自版权页 | |
| 314 | @a责任者取自CIP数据 | |
| 330 | @a本书收入了习近平总书记在2020年2月3日至2022年5月10日期间的报告、讲话、谈话、演讲、批示、指示、贺信等92篇。 | |
| 510 | 1 | @aXi Jinping: China regieren@hⅣ@zger |
| 600 | 0 | @a习近平@AXi Jin Ping@f(1953- )@x演讲@j学习参考资料@j德文 |
| 606 | 0 | @a习近平新时代中国特色社会主义思想@AXi Jin Ping Xin Shi Dai Zhong Guo Te Se She Hui Zhu Yi Si Xiang@j学习参考资料@j德文 |
| 690 | @aD2-0@v5 | |
| 690 | @aD610.4@v5 | |
| 701 | 0 | @a习近平@AXi Jin Ping@f(1953.6-)@4著 |
| 712 | 02 | @a德文翻译组@ADe Wen Fan Yi Zu@4译 |
| 801 | 0 | @aCN@bAHXH@c20241025 |
| 905 | @b214161618@dD2-0@e294:4@f1 | |
| 习近平谈治国理政:德文.第四卷= Xi Jinping: China regieren.Ⅳ/习近平著.-北京:外文出版社有限责任公司,2023 |
| 679页:彩照;24cm |
| ISBN 978-7-119-13556-4:CNY80.00 |
| 本书收入了习近平总书记在2020年2月3日至2022年5月10日期间的报告、讲话、谈话、演讲、批示、指示、贺信等92篇。 |
| ● |
| 相关链接 |
|
|
|
|
正题名:习近平谈治国理政
索取号:D2-0/294:4
 
预约/预借
| 序号 | 登录号 | 条形码 | 馆藏地/架位号 | 状态 | 备注 |
| 1 | 1416161 | 214161618 | 第一样本阅览室/ [索取号:D2-0/294:4] | 在馆 |